| 000 | 00822nam a2200277Ia 4500 | ||
|---|---|---|---|
| 008 | 170203s9999 xx 000 0 und d | ||
| 020 | _a1575842483 | ||
| 050 | _a0 30 | ||
| 050 | _bL872t 1999 | ||
| 100 | _aLorimer, Lawrence T. | ||
| 245 | 4 | _aThe human body : | |
| 245 | _ba fascinating see-through view of how bodies work / | ||
| 245 | _c[written by Lawrence T. Lorimer ; illustrators, Oxford Illustrators Ltd and others]. | ||
| 260 | _aPleasantville, NY : | ||
| 260 | _bReader's Digest Children's Books, | ||
| 260 | _c1999 | ||
| 300 | _a17 pages : | ||
| 300 | _bcolor illustrations ; | ||
| 300 | _c28 cm. | ||
| 650 | _aHuman anatomy -- | ||
| 650 | _aHuman anatomy. | ||
| 650 | _aHuman body -- | ||
| 650 | _aHuman body. | ||
| 650 | _xJuvenile literature. | ||
| 650 | _xJuvenile literature. | ||
| 999 |
_c305672 _d305672 |
||